Matemáticas para el análisis económico (Registro nro. 4559)
[ vista simple ]
| 000 -LEADER | |
|---|---|
| fixed length control field | 01620 a2200265 4500 |
| 001 - CONTROL NUMBER | |
| control field | 48120 |
| 005 - DATE AND TIME OF LATEST TRANSACTION | |
| control field | 20260407155747.0 |
| 008 - FIXED-LENGTH DATA ELEMENTS--GENERAL INFORMATION | |
| fixed length control field | 260407a2012 arg spa d |
| 003 - CONTROL NUMBER IDENTIFIER | |
| control field | AR-UNSa-BCEJYS |
| 040 ## - CATALOGING SOURCE | |
| Original cataloging agency | AR-UNSa-BCEJYS |
| Language of cataloging | spa |
| Transcribing agency | AR-UNSa-BCEJYS |
| 080 ## - UNIVERSAL DECIMAL CLASSIFICATION NUMBER | |
| Universal Decimal Classification number | 510 |
| Common auxiliary subdivision | Consideraciones fundamentales y generales de las matemáticas<br/> |
| 020 ## - INTERNATIONAL STANDARD BOOK NUMBER | |
| International Standard Book Number | 978-84-8322-315-4 |
| 041 ## - LANGUAGE CODE | |
| Language code of text/sound track or separate title | spa |
| 100 1# - MAIN ENTRY--PERSONAL NAME | |
| Personal name | Sydsaeter, Knut |
| 245 10 - TITLE STATEMENT | |
| Title | Matemáticas para el análisis económico |
| 250 ## - EDITION STATEMENT | |
| Edition statement | 2a. ed. |
| 264 #1 - PRODUCTION, PUBLICATION, DISTRIBUTION, MANUFACTURE, AND COPYRIGHT NOTICE | |
| Place of production, publication, distribution, manufacture | Madrid : |
| Name of producer, publisher, distributor, manufacturer | Pearson Educación |
| Date of production, publication, distribution, manufacture, or copyright notice | 2012 |
| 300 ## - PHYSICAL DESCRIPTION | |
| Extent | xx, 743 p. |
| Dimensions | 25 cm. |
| 505 ## - FORMATTED CONTENTS NOTE | |
| Formatted contents note | 1. Introducción - 2. Funciones de una variable: introducción - 3. Polinomios, potencias y exponenciales - 4. Cálculo diferencial de una variable - 5. Más sobre derivación - 6. Límites, continuidad y series - 7. Concecuencias de la continuidad y la derivabilidad - 8. Funciones exponenciales y logarítmicas - 9. Optimización en una variable - 10. Integración - 11. Otros temas de integración - 12. Álgebra lineal: vectores y matrices - 13. Determinantes y matrices inversas - 14. Otros temas de álgebra lineal - 15. Funciones de varias variables - 16. Técnicas de estadística comparativa - 17. Optimización en varias variables - 18. Optimización restringida - 19. Programación lineal - 20. Ecuaciones en diferencias - 21. Ecuaciones diferenciales - 22. Álgebra elemental. |
| 590 ## - LOCAL NOTE (RLIN) | |
| Local note | niveau_biblio:m niveau_hierar:0 |
| 700 1# - ADDED ENTRY--PERSONAL NAME | |
| Personal name | Hammond, Peter |
| 700 1# - ADDED ENTRY--PERSONAL NAME | |
| Personal name | Carvajal, Andrés |
| 856 41 - ELECTRONIC LOCATION AND ACCESS | |
| Uniform Resource Identifier | <a href="https://www.biblioeco.unsa.edu.ar/pmb/images/libros/L127870.jpg">https://www.biblioeco.unsa.edu.ar/pmb/images/libros/L127870.jpg</a> |
| Link text | Imagen de portada |
| Electronic format type | image/jpeg |
| 942 ## - ADDED ENTRY ELEMENTS (KOHA) | |
| Koha item type | |
| Withdrawn status | Lost status | Damaged status | Not for loan | Home library | Current library | Shelving location | Date acquired | Total checkouts | Full call number | Barcode | Date last seen | Price effective from | Koha item type |
|---|---|---|---|---|---|---|---|---|---|---|---|---|---|
| Biblioteca Prof. Eusebio Cleto del Rey | Biblioteca Prof. Eusebio Cleto del Rey | 07/04/2026 | 510 S982 2ed. | L127870 | 07/04/2026 | 07/04/2026 | Libro |